Tribhuvan University Central Library

Practical medical parasitology (Record no. 87121)

MARC details
000 -LEADER
fixed length control field 00581nam a22002057a 4500
008 - FIXED-LENGTH DATA ELEMENTS--GENERAL INFORMATION
fixed length control field 191211b xxu||||| |||| 00| 0 eng d
020 ## - INTERNATIONAL STANDARD BOOK NUMBER
International Standard Book Number 9789994617562
082 ## - DEWEY DECIMAL CLASSIFICATION NUMBER
Classification number 610.6/P554p
100 ## - MAIN ENTRY--PERSONAL NAME
Personal name Parajuli, Keshab
9 (RLIN) 35869
245 ## - TITLE STATEMENT
Title Practical medical parasitology
260 ## - PUBLICATION, DISTRIBUTION, ETC.
Place of publication, distribution, etc. Kathmandu:
Name of publisher, distributor, etc. Vidyarthi Pustak Bhandar,
Date of publication, distribution, etc. 2014.
300 ## - PHYSICAL DESCRIPTION
Extent 188p.;illus
500 ## - GENERAL NOTE
General note Includes glossary , annex
650 ## - SUBJECT ADDED ENTRY--TOPICAL TERM
Topical term or geographic name entry element parasitology
650 ## - SUBJECT ADDED ENTRY--TOPICAL TERM
Topical term or geographic name entry element Medical practice
9 (RLIN) 21916
650 ## - SUBJECT ADDED ENTRY--TOPICAL TERM
Topical term or geographic name entry element Parasites
9 (RLIN) 9270
700 ## - ADDED ENTRY--PERSONAL NAME
Personal name Mishra,Shyam Kumar
700 ## - ADDED ENTRY--PERSONAL NAME
Personal name Dahal, RajanKumar
942 ## - ADDED ENTRY ELEMENTS (KOHA)
Source of classification or shelving scheme Dewey Decimal Classification
Koha item type ISBN
Holdings
Withdrawn status Lost status Source of classification or shelving scheme Damaged status Not for loan Home library Current library Date acquired Total Checkouts Full call number Barcode Date last seen Price effective from Koha item type
    Dewey Decimal Classification     Tribhuvan University Central Library Tribhuvan University Central Library 12/11/2019   610.6/P554p IS10977 12/11/2019 12/11/2019 ISBN